| 000 | 00381nam a2200133 a 4500 | ||
|---|---|---|---|
| 005 | 20140414132056.0 | ||
| 008 | 100520s19uu xx 00 eng d | ||
| 050 |
_aREF 595.7 _bI57 2002 |
||
| 245 | _aInsects. | ||
| 260 |
_aMilwaukee, WI : _bGareth Stevens, _c2002. |
||
| 440 | _aDiscovery Channel school science: the plant and animal kingdom | ||
| 650 | _aInsects | ||
| 999 |
_c114303 _d114303 |
||